000 00841nam a2200289 a 4500
001 000112672
003 CHAP
005 20220329144317.0
008 160909s2008 mx a |r| |||||||spa d
010 _a109133
011 _a110105
020 _a9789680204632
040 _cCHAP
090 _aFolleto 12835
_b(2008)
100 0 0 _aGonzález Bustos, Marcelo.
_948736
245 1 0 _aEntrevista a una mujer comunista :
_bBenita Galeana Lacunza /
_cpor Marcelo González Bustos.
260 _aChapingo, Méx :
_bUACH.,
_c2008.
300 _a57 p. :
_bil.
590 _aE11695DGD
_b10
_c20161013
_lUCH01
_h1353
590 _aE5765TAJ
_b05
_c20160909
_lUCH01
_h1217
650 1 4 _aComunismo
_zMéxico.
_926265
650 1 4 _aEntrevistas.
_937164
650 1 4 _aMujer
_xActividad política.
_979313
901 _aBK
942 _cFOLL
942 _n0
999 _c109133
_d109133